[Event "PRO League Group Stage"]
[Site "masterchessopen.com chess.com INT"]
[Date "2017.02.15"]
[Round "6"]
[White "Ajibola,Olanrewaju"]
[Black "Fontaine,R"]
[Result "0-1"]
[WhiteElo "2192"]
[BlackElo "2549"]

1.d4 Nf6 2.Nf3 g6 3.Nbd2 d5 4.e3 Bg7 5.c3 O-O 6.Be2 Bg4 7.h3 Bxf3 8.Nxf3 c6
9.O-O Nbd7 10.c4 e6 11.b3 Ne4 12.Qc2 a5 13.Bd3 f5 14.Bb2 a4 15.b4 a3 16.Bc1 g5
17.Rb1 b5 18.cxb5 cxb5 19.Bxb5 Rc8 20.Qd3 g4 21.Bxd7 Qxd7 22.hxg4 fxg4 23.Ne5
Bxe5 24.dxe5 Rc3 25.Qd1 Qg7 26.Rb3 g3 27.fxg3 Rxf1+ 28.Qxf1 Rc8 29.Qe1 Nxg3
30.Bxa3 Rc2 31.e4 Nxe4 32.Qf1 Rxa2 33.Bb2 Nd2 34.Qd3 Nxb3 35.Qxb3 Ra7 36.b5
Rb7 37.b6 Qg4 38.Qb5 Qd1+ 39.Kh2 Qh5+ 40.Kg1 Qf7 41.Bd4 Qd7 {#R} 0-1

[Event "PRO League Group Stage"]
[Site "masterchessopen.com chess.com INT"]
[Date "2017.02.15"]
[Round "6"]
[White "Tang,Andrew"]
[Black "Boros,De"]
[Result "0-1"]
[WhiteElo "2466"]
[BlackElo "2444"]

1.d4 e6 2.c4 f5 3.Nf3 Nf6 4.g3 c6 5.Bg2 d5 6.O-O Bd6 7.b3 Qe7 8.Bb2 O-O 9.Nbd2
b6 10.Ne5 Bb7 11.Ndf3 a5 12.Nd3 Na6 13.Rc1 Nb4 14.c5 bxc5 15.dxc5 Bc7 16.a3
Nxd3 17.exd3 e5 18.Re1 e4 19.Nd4 Qd7 20.Bh3 g6 21.dxe4 dxe4 22.Qc2 Rae8
23.Rcd1 Qf7 24.Bf1 Nd5 25.Bc4 f4 26.Bxd5 cxd5 27.Nb5 e3 28.c6 fxg3 29.f4 Qxf4
30.Qg2 Qf2+ 31.Kh1 Bxc6 32.Nd4 Qxg2+ 33.Kxg2 Rf2+ 34.Kg1 gxh2+ 35.Kh1 Bd7
36.Bc1 Bh3 {#R} 0-1

[Event "PRO League Group Stage"]
[Site "masterchessopen.com chess.com INT"]
[Date "2017.02.15"]
[Round "6"]
[White "Tang,Andrew"]
[Black "Shimanov,A"]
[Result "1-0"]
[WhiteElo "2466"]
[BlackElo "2642"]

1.d4 Nf6 2.c4 g6 3.f3 e6 4.e4 c5 5.d5 exd5 6.cxd5 d6 7.Nc3 Bg7 8.Nge2 O-O
9.Ng3 Ne8 10.Be3 a6 11.a4 h5 12.Bd3 Nd7 13.O-O Ne5 14.Be2 h4 15.Nh1 f5 16.f4
Ng4 17.Bxg4 fxg4 18.Qd2 Rb8 19.e5 dxe5 20.Bxc5 Rf5 21.fxe5 Bxe5 22.Bd4 Nd6
23.Bxe5 Rxe5 24.Nf2 g3 25.Nd3 gxh2+ 26.Kh1 Rf5 27.Nc5 Qf6 28.Qe2 Rxf1+ 29.Rxf1
Bf5 30.Nd7 Qd8 31.Nxb8 Qxb8 32.Qe5 Qd8 33.Re1 Kf7 34.Kxh2 Nc4 35.Qd4 Qd6+
36.Kh1 Qg3 37.Re2 h3 38.Qxc4 Bd3 39.Ne4 hxg2+ 40.Kg1 Bxe2 41.Qxe2 Qb3 42.Qf2+
Kg7 43.Qf6+ Kh7 44.Ng5+ {#r} 1-0

[Event "PRO League Group Stage"]
[Site "masterchessopen.com chess.com INT"]
[Date "2017.02.15"]
[Round "6"]
[White "Pichot,A"]
[Black "Erenburg,S"]
[Result "0-1"]
[WhiteElo "2548"]
[BlackElo "2570"]

1.e4 c6 2.Nf3 d5 3.Nc3 Bg4 4.h3 Bxf3 5.Qxf3 Nf6 6.d3 e6 7.Bd2 d4 8.Nd1 c5 9.g4
Nc6 10.g5 Nd7 11.h4 Qb6 12.h5 O-O-O 13.Bh3 c4 14.Qe2 Bb4 15.a3 Bxd2+ 16.Qxd2
Nce5 17.Kf1 cxd3 18.cxd3 Qb5 19.Rc1+ Kb8 20.Ke2 Nc5 21.Rxc5 Qxc5 22.f4 Nc6
23.b4 Qb5 24.Nb2 h6 25.a4 Qxb4 26.Qxb4 Nxb4 27.g6 f5 28.exf5 exf5 29.Nc4 Rhe8+
30.Kd2 Nd5 31.Bxf5 Rf8 32.Be4 Rxf4 33.Rb1 b6 34.Ne5 Nc3 35.Rb4 Nxe4+ 36.dxe4
Re8 37.Nd3 Rfxe4 38.a5 Kc7 39.axb6+ axb6 40.Ra4 Kb7 41.Rb4 Rh4 42.Rb5 Rh2+
43.Kd1 Ra8 {#R} 0-1

[Event "PRO League Group Stage"]
[Site "masterchessopen.com chess.com INT"]
[Date "2017.02.15"]
[Round "6"]
[White "Adair,J"]
[Black "Hjartarson,J"]
[Result "1-0"]
[WhiteElo "2480"]
[BlackElo "2540"]

1.e4 g6 2.d4 Bg7 3.Nf3 d6 4.Bd3 Nf6 5.O-O O-O 6.Re1 Nc6 7.c3 e5 8.Nbd2 Nh5
9.dxe5 dxe5 10.Nc4 Nf4 11.Bf1 Qxd1 12.Rxd1 Bg4 13.Bxf4 exf4 14.h3 Bxf3 15.gxf3
Rad8 16.a4 Rfe8 17.Kg2 Kf8 18.Be2 Ke7 19.Rxd8 Rxd8 20.Rd1 Rxd1 21.Bxd1 b6
22.Bb3 a6 23.Kf1 Bf6 24.Ke2 Bh4 25.Nd2 Ne5 26.Nc4 Nd7 27.Nd2 Nc5 28.Bc2 Bf6
29.Kf1 b5 30.axb5 axb5 31.Ke2 c6 32.Nb1 Kd6 33.b4 Nd7 34.Bb3 Ne5 35.Nd2 Bh4
36.c4 Kd7 37.cxb5 cxb5 38.Nb1 Nc6 39.Bxf7 Nd4+ 40.Kf1 Nxf3 41.Nc3 Ng5 42.Bg8
Kc6 43.e5 h6 44.Bd5+ Kb6 45.Kg2 Nh7 46.Be4 Nf8 47.Nd5+ Ka7 48.Nxf4 Be7 49.Nxg6
Bxb4 50.Nxf8 Bxf8 51.Kg3 Kb6 52.Kg4 Kc5 53.Kf5 Kd4 54.f3 b4 55.Kf6 b3 56.e6
Ke3 57.e7 Bxe7+ 58.Kxe7 Kf4 59.Kf6 h5 60.h4 b2 61.Kg6 {#r} 1-0

[Event "PRO League Group Stage"]
[Site "masterchessopen.com chess.com INT"]
[Date "2017.02.15"]
[Round "6"]
[White "Adair,J"]
[Black "Thorfinnsson,Bj"]
[Result "1-0"]
[WhiteElo "2480"]
[BlackElo "2404"]

1.e4 e5 2.Nf3 Nc6 3.Bc4 Nf6 4.d3 h6 5.O-O d6 6.c3 g6 7.Re1 Bg7 8.h3 O-O 9.Bb3
Nh5 10.d4 Qf6 11.Be3 Nf4 12.Bxf4 {#r} 1-0

[Event "PRO League Group Stage"]
[Site "masterchessopen.com chess.com INT"]
[Date "2017.02.15"]
[Round "6"]
[White "He,Anthony B"]
[Black "Dragun,K"]
[Result "0-1"]
[WhiteElo "2183"]
[BlackElo "2614"]

1.e4 c5 2.Nf3 d6 3.d4 cxd4 4.Nxd4 Nf6 5.Nc3 a6 6.Be3 e5 7.Nb3 Be7 8.h3 Be6
9.Qf3 O-O 10.g4 a5 11.Bb5 d5 12.exd5 Bxd5 13.Nxd5 Qxd5 14.Qxd5 Nxd5 15.a4 Nc6
16.O-O-O Nxe3 17.fxe3 Bg5 18.Rhe1 Rfc8 19.Rd7 b6 20.Rd6 Ne7 21.Nd2 Rd8
22.Rxd8+ Rxd8 23.Ne4 h6 24.Bc4 Kf8 25.c3 Ng6 26.Kc2 Ke7 27.b4 Nh4 28.Nxg5 hxg5
29.bxa5 bxa5 30.Rb1 f6 31.Rb5 Ng2 32.e4 Ne3+ 33.Kb3 Rd1 34.Rb7+ Kd6 35.Bb5
Rb1+ 36.Ka2 Rh1 37.Rd7+ Kc5 38.Rc7+ Kb6 39.Rxg7 Rxh3 40.Bd7 Nd1 41.c4 Nc3+
42.Kb2 Nxe4 43.Bf5 Nc5 44.Rg6 Nxa4+ 45.Kc2 Kc5 46.Rxf6 Nb6 47.Rg6 Nxc4 48.Rxg5
Kd4 49.Rg8 Rh2+ 50.Kb3 Rb2+ 51.Ka4 Rb4# 0-1

[Event "PRO League Group Stage"]
[Site "masterchessopen.com chess.com INT"]
[Date "2017.02.15"]
[Round "6"]
[White "He,Anthony B"]
[Black "Ruiz C,J"]
[Result "1-0"]
[WhiteElo "2183"]
[BlackElo "2331"]

1.e4 e6 2.d4 d5 3.Nd2 c5 4.Ngf3 cxd4 5.Nxd4 Nc6 6.Nxc6 bxc6 7.Bd3 Ne7 8.Qe2
Ng6 9.Nf3 Qc7 10.O-O Bd6 11.c4 O-O 12.cxd5 exd5 13.exd5 cxd5 14.Be3 Nf4
15.Bxf4 Bxf4 16.g3 Bh6 17.Nd4 g6 18.Qf3 Qe5 19.Nc6 Qxb2 20.Ne7+ Kh8 21.Rab1
Qd4 22.Qxd5 Qxd5 23.Nxd5 Bh3 24.Rfe1 Rad8 25.Be4 Be6 26.Nc7 Bxa2 27.Ra1 Bd2
28.Red1 Bc4 29.Rxa7 f5 30.Bf3 f4 31.Kg2 fxg3 32.hxg3 Rf7 33.Ra8 Rxa8 34.Nxa8
Ba5 35.Ra1 Bd8 36.Rc1 Be6 37.Re1 Re7 38.Rd1 Rd7 39.Re1 Bf7 40.Rc1 Kg7 41.Rc8
Be6 42.Rb8 Rd2 43.Nb6 Be7 44.Rb7 Kf6 45.Rc7 Rd4 46.Rc6 Kf7 47.Nc8 Bb4 48.Rc7+
Kf6 49.Nb6 h5 50.Rc6 Ke7 51.Na4 Be1 52.Nc5 Bf5 53.Kf1 Bb4 54.Kg2 g5 55.Nb3 Rd3
56.Nc1 Ra3 57.Rc7+ Kd6 58.Rc4 Bc3 59.Ne2 Be5 60.Rc6+ Kd7 61.Rc5 Ke6 62.Bxh5
Be4+ 63.f3 Bd3 64.f4 gxf4 65.gxf4 Bd6 66.Bg4+ Kf6 67.Rh5 Be4+ 68.Kh2 Ra2
69.Kg3 Ra3+ 70.Kh4 Be7 71.Ng3 Bg2 72.Rh7 Bd8 73.Rd7 Ba5 74.Nh5+ Kg6 75.f5+ Kh6
76.Rd6+ Kh7 77.Kg5 Ra2 78.Rd7+ Kg8 79.f6 Bd2+ 80.Kf5 Ra5+ 81.Ke6 {#r} 1-0

[Event "PRO League Group Stage"]
[Site "masterchessopen.com chess.com INT"]
[Date "2017.02.15"]
[Round "6"]
[White "Nakyp,Rakhimjan"]
[Black "Nagy,Ga1"]
[Result "0-1"]
[WhiteElo "2096"]
[BlackElo "2433"]

1.c4 e5 2.Nc3 Bb4 3.g3 Nf6 4.Bg2 O-O 5.Nf3 Re8 6.Nd5 Nxd5 7.cxd5 e4 8.Nd4 Bc5
9.Nc2 d6 10.O-O Bg4 11.h3 Bh5 12.Ne3 Nd7 13.d4 exd3 14.Qxd3 Ne5 15.Qc2 Bg6
16.Be4 Qd7 17.Bxg6 hxg6 18.Kg2 g5 19.Nc4 g4 20.h4 b5 21.Nxe5 Rxe5 22.e4 Rae8
23.Re1 f5 24.Bg5 Rxe4 25.Rxe4 Rxe4 26.Rd1 Qe8 27.Rd2 a5 28.a3 a4 29.Qd3 g6
30.Rc2 Re1 31.Rd2 Qe4+ 32.Qxe4 Rxe4 33.f3 gxf3+ 34.Kxf3 Kf7 35.Bd8 Re3+ 36.Kf4
Re8 {#R} 0-1

[Event "PRO League Group Stage"]
[Site "masterchessopen.com chess.com INT"]
[Date "2017.02.15"]
[Round "6"]
[White "Svane,R"]
[Black "Roberson,P"]
[Result "1-0"]
[WhiteElo "2560"]
[BlackElo "2401"]

1.Nf3 Nf6 2.c4 b6 3.d4 Bb7 4.g3 g6 5.Bg2 Bg7 6.O-O O-O 7.d5 Ne4 8.Qc2 f5 9.Rd1
c6 10.Nc3 Nxc3 11.bxc3 Na6 12.Bg5 Qe8 13.Bf4 e5 14.dxe6 Qxe6 15.Rd6 Qxc4
16.Rad1 Qxc3 17.Qxc3 Bxc3 18.Be5 Bxe5 19.Nxe5 Rae8 20.Nxd7 Rxe2 21.Nxf8 Kxf8
22.Bxc6 Bxc6 23.Rxc6 Kg7 24.Rd7+ Kh6 25.Rxa7 Rxa2 26.Rxb6 Nb4 27.Rxa2 Nxa2
28.Rb3 Nc1 29.Re3 Na2 30.Rd3 Nb4 31.Rd6 Nc2 32.Kf1 Na3 33.Rd5 Nc4 34.Ke2 Nb6
35.Rd6 Nc4 36.Re6 Kg5 37.Kd3 Nb2+ 38.Kc2 Nc4 39.Kc3 Na3 40.Rb6 Kg4 41.Rb3 Kf3
42.Rxa3 Kxf2 43.Kd4 Kg2 44.Ra2+ Kh3 45.Ke5 h5 {#r} 1-0

[Event "PRO League Group Stage"]
[Site "masterchessopen.com chess.com INT"]
[Date "2017.02.15"]
[Round "6"]
[White "Robson,R"]
[Black "Tang,Andrew"]
[Result "0-1"]
[WhiteElo "2675"]
[BlackElo "2466"]

1.e4 e5 2.Nf3 Nc6 3.Bb5 a6 4.Ba4 Nf6 5.O-O Be7 6.Re1 b5 7.Bb3 d6 8.c3 O-O 9.h3
Bb7 10.d4 Re8 11.Nbd2 Bf8 12.a3 g6 13.Ba2 Bg7 14.b4 exd4 15.cxd4 a5 16.Ng5 d5
17.e5 Nh5 18.Nb3 axb4 19.Nc5 Bc8 20.Qf3 Be6 21.g4 Nxd4 22.Qd3 Nc6 23.Ncxe6
fxe6 24.gxh5 Nxe5 25.Qg3 Qf6 26.hxg6 Nxg6 27.Rb1 bxa3 28.Nxe6 c6 29.Bg5 Qc3
30.Re3 Qc2 31.Rbe1 Qxa2 32.Nxg7 Rxe3 33.Qxe3 d4 34.Qxd4 Qd5 35.Qxd5+ cxd5
36.Nf5 a2 37.Bf6 Nf4 38.Nd4 Kf7 39.Be5 Nd3 40.Ra1 Nxe5 41.Nxb5 Nc4 42.Nc3 Ra3
43.Nxd5 Nd2 44.Nb4 Nf3+ 45.Kf1 Ra4 46.Nxa2 Nd2+ 47.Kg2 Kf6 48.f3 Nb3 49.Rb1
Rxa2+ 50.Kg3 Nd4 51.Rb6+ Kg5 52.h4+ Kh5 53.Rb4 Nf5+ 54.Kh3 Ra3 55.Rf4 Ne7
56.Kg3 Ng6 57.Rf5+ Kh6 58.Kg4 Ra4+ 59.f4 Ra1 60.h5 Rg1+ 61.Kh3 Rh1+ 62.Kg4
Rh4+ 63.Kg3 Rxh5 64.Rf6 Kg7 65.Ra6 Rf5 66.Ra7+ Kh6 67.Ra4 Kh5 68.Ra7 h6 69.Ra4
Nf8 70.Ra6 Nd7 71.Kf3 Nf6 72.Ra4 Kg6 73.Kg3 h5 74.Ra6 Rd5 75.Ra3 Kf5 76.Re3
h4+ 77.Kf3 Ng4 78.Re8 Rd3+ 79.Ke2 Ra3 80.Rf8+ Ke4 81.f5 h3 82.f6 Ra2+ 83.Kd1
h2 84.Re8+ Kf3 85.Rh8 Ra1+ 86.Kc2 h1=Q 87.Rxh1 Rxh1 88.f7 Rh8 89.Kd3 Rf8 {#R}
0-1

[Event "PRO League Group Stage"]
[Site "masterchessopen.com chess.com INT"]
[Date "2017.02.15"]
[Round "6"]
[White "Kevlishvili,Robby"]
[Black "Barcenilla,R"]
[Result "0-1"]
[WhiteElo "2417"]
[BlackElo "2455"]

1.e4 e5 2.Nf3 Nc6 3.Bb5 a6 4.Ba4 Nf6 5.O-O b5 6.Bb3 Be7 7.Re1 O-O 8.h3 d6 9.c3
h6 10.d4 Re8 11.Nbd2 Bf8 12.Bc2 g6 13.Nf1 Bg7 14.Ng3 Bd7 15.a4 Na5 16.dxe5
dxe5 17.b3 bxa4 18.b4 Nb3 19.Bxb3 axb3 20.Qxb3 Be6 21.Qc2 Nd7 22.Rd1 Qb8
23.Ra5 c5 24.Qe2 cxb4 25.cxb4 Qxb4 26.Rxa6 Rxa6 27.Qxa6 Nc5 28.Qe2 Ra8 29.Bd2
Qb3 30.Rc1 Nd3 31.Rc3 Qb1+ 32.Qf1 Qxf1+ 33.Nxf1 Nf4 34.Bxf4 exf4 35.Rc1 g5
36.N1d2 Ra2 37.Nc4 Bf8 38.Nce5 Re2 39.Re1 Ra2 40.Rd1 Bc5 41.Rd8+ Kg7 42.Nd4
Kf6 43.Nef3 Ra1+ 44.Kh2 Rf1 45.e5+ Kg7 46.Nd2 Rxf2 47.Nxe6+ fxe6 48.Ne4 Rc2
49.h4 Rc4 50.Nf6 Kg6 51.h5+ Kf5 52.Rh8 g4 53.Nd7 g3+ 54.Kh3 Rc1 55.Rf8+ Bxf8
{#R} 0-1

[Event "PRO League Group Stage"]
[Site "masterchessopen.com chess.com INT"]
[Date "2017.02.15"]
[Round "6"]
[White "Fontaine,R"]
[Black "Ajibowo,Olamide Patrick"]
[Result "1-0"]
[WhiteElo "2549"]
[BlackElo "2107"]

1.d4 Nf6 2.Bf4 d6 3.c3 g6 4.Nd2 Bg7 5.Ngf3 O-O 6.e4 Re8 7.Bc4 h6 8.O-O Nfd7
9.e5 dxe5 10.Nxe5 Nxe5 11.Bxe5 Bxe5 12.dxe5 Nc6 13.e6 Bxe6 14.Bxe6 fxe6 15.Qe2
e5 16.Rad1 Qc8 17.Ne4 Qf5 18.Ng3 Qe6 19.f4 Rf8 20.Qe4 Rf6 21.f5 gxf5 22.Nxf5
Kh8 23.Rd3 Rg8 24.Rdf3 Qxa2 25.Ng3 Rxf3 26.Rxf3 Qa1+ 27.Rf1 Qxb2 28.Qh4 Qd2
29.Qh5 Qe3+ 30.Kh1 Qg5 31.Qf7 Qg6 32.Qd5 a6 33.Qf3 Qg4 34.Qe3 Qg5 35.Qe4 Qg4
36.Qe3 Qg5 37.Qe2 Qh4 38.Nf5 Qg5 39.h4 Qg6 40.Rf3 e6 41.Ng3 Qg4 42.Ne4 Qxh4+
43.Rh3 Qf4 44.g3 Qc1+ 45.Kg2 Rf8 46.Rh1 {#r} 1-0

[Event "PRO League Group Stage"]
[Site "masterchessopen.com chess.com INT"]
[Date "2017.02.15"]
[Round "6"]
[White "Fontaine,R"]
[Black "Bomo,K"]
[Result "1-0"]
[WhiteElo "2549"]
[BlackElo "2339"]

1.g4 c5 2.Bg2 g6 3.d3 Nc6 4.Nc3 Bg7 5.g5 h6 6.h4 hxg5 7.hxg5 Rxh1 8.Bxh1 e6
9.e4 Nge7 10.Be3 Nd4 11.Qd2 d6 12.O-O-O Bd7 13.f4 Qa5 14.Kb1 Nec6 15.Nge2 Nb4
16.Nc1 Nbxc2 17.Bf2 Nb4 18.e5 d5 19.Bxd4 cxd4 20.N3e2 Qb6 21.Nb3 Nc6 22.Rc1 a5
23.Nc5 Bf8 24.Na4 Qb4 25.Qxb4 Nxb4 26.Nb6 Ra6 27.Nxd7 Kxd7 28.Rd1 Bc5 29.Bf3
a4 30.a3 Nc6 31.Rh1 Rb6 32.Kc2 Na5 33.Rh7 Ke7 34.f5 exf5 35.Bxd5 Nc6 36.Rxf7+
Ke8 37.e6 Ne7 38.Bc4 Bd6 39.Nxd4 Be5 40.Nb5 Bf4 41.Rh7 Kf8 42.Rh8+ Kg7 43.Re8
Bxg5 44.d4 f4 45.Nc3 Nf5 46.Kd3 Rxb2 47.Ne4 Be7 48.d5 b5 49.Kc3 Rb1 50.Bd3
Rb3+ 51.Kd2 Bxa3 52.Bc2 Bb4+ 53.Kc1 Ba3+ 54.Kd2 Bb4+ 55.Kc1 Re3 56.Nf2 Nd4
57.Bd1 a3 58.Ra8 Bc3 59.d6 Bb2+ 60.Kb1 Nxe6 61.d7 Bf6 62.Ng4 Rd3 63.Ra7 Bd8
64.Bc2 Rd4 65.Ne5 f3 66.Nxf3 Rb4+ 67.Kc1 Rf4 68.Ne5 b4 69.Nc6 Rf1+ 70.Kd2 Rf2+
71.Kd1 g5 72.Bb3 g4 73.Bxe6 g3 74.Bd5 b3 75.Nxd8 b2 76.Ne6+ Kh6 77.Rb7 {#r}
1-0

[Event "PRO League Group Stage"]
[Site "masterchessopen.com chess.com INT"]
[Date "2017.02.15"]
[Round "6"]
[White "Tristan,L"]
[Black "Erenburg,S"]
[Result "0-1"]
[WhiteElo "2458"]
[BlackElo "2570"]

1.d4 d5 2.Bf4 Nf6 3.e3 c5 4.c3 Nc6 5.Nd2 cxd4 6.exd4 Bf5 7.Qb3 Qc8 8.Ngf3 e6
9.Nh4 Bg6 10.Nxg6 hxg6 11.h3 Be7 12.Bd3 a6 13.a4 Qd7 14.O-O O-O 15.Rfe1 Bd6
16.Bxd6 Qxd6 17.Nf3 Rfc8 18.Qd1 Rab8 19.Ne5 Ne7 20.Qf3 Qc7 21.g4 Nc6 22.h4
Nxe5 23.Rxe5 Qd8 24.Re3 b5 25.axb5 axb5 26.h5 g5 27.Re5 Nd7 28.Re2 Qf6 29.Qg3
b4 30.Ra7 bxc3 31.bxc3 Nf8 32.Re3 Qf4 33.Qxf4 gxf4 34.Rf3 Ra8 35.Rxa8 Rxa8
36.Rxf4 Rc8 37.Rf3 Nd7 38.Bb5 Nf6 39.g5 Nxh5 40.g6 Nf6 41.gxf7+ Kxf7 42.c4
dxc4 43.Rc3 Ne4 44.Rxc4 Rxc4 45.Bxc4 Nd2 46.Ba2 Nf3+ 47.Kg2 Nxd4 48.Kg3 Kf6
49.Kf4 Ne2+ 50.Ke3 Nc3 51.Bb3 Nd5+ 52.Kd4 Nf4 53.Ke4 g5 54.Bd1 Nd5 55.Bg4 Ne7
56.Bh3 Ng6 57.Bg4 Nf4 58.f3 Ke7 59.Ke5 Nd3+ 60.Kd4 Nf2 61.Bh5 Kf6 62.Ke3 Nh3
63.Bg4 Nf4 64.Ke4 Ng6 65.Bh3 e5 66.Bf5 Nf4 67.Bg4 Ne6 68.Bh3 Nc5+ 69.Kd5 Nd3
70.Ke4 Nf2+ {#R} 0-1

[Event "PRO League Group Stage"]
[Site "masterchessopen.com chess.com INT"]
[Date "2017.02.15"]
[Round "6"]
[White "Pruijssers,R"]
[Black "Lapite,Oluwadurotimi"]
[Result "1-0"]
[WhiteElo "2502"]
[BlackElo "2067"]

1.e4 c6 2.d4 d5 3.e5 c5 4.Nf3 Nc6 5.dxc5 Bg4 6.c3 e6 7.b4 Bxf3 8.Qxf3 Nxe5
9.Bb5+ Nc6 10.O-O Nf6 11.Nd2 Be7 12.Nb3 O-O 13.Bf4 Ne4 14.Rac1 Bf6 15.Qd3 Ne5
16.Bxe5 Bxe5 17.f3 Qh4 18.h3 Nxc3 19.Rxc3 Qxb4 20.Rc2 a6 21.Bd7 Rad8 22.c6
bxc6 23.Bxc6 Rd6 24.Kh1 Qf4 25.Kg1 Qh2+ 26.Kf2 Qg3+ 27.Ke2 Qxg2+ 28.Rf2 Qxh3
29.f4 Qh5+ 30.Qf3 Qf5 31.Qd3 Qg4+ 32.Qf3 Qf5 33.Kd1 Bf6 34.Ba4 d4 35.Bc6 d3
36.Rc5 Qg6 37.Rg2 Qh6 38.Rh5 {#r} 1-0

[Event "PRO League Group Stage"]
[Site "masterchessopen.com chess.com INT"]
[Date "2017.02.15"]
[Round "6"]
[White "Pruijssers,R"]
[Black "Balogun,Oluwafemi"]
[Result "1-0"]
[WhiteElo "2502"]
[BlackElo "2222"]

1.e4 d6 2.d4 Nf6 3.Nc3 g6 4.f4 Bg7 5.Nf3 O-O 6.Bd3 Na6 7.O-O c5 8.d5 Bg4 9.Bc4
Rb8 10.h3 Bxf3 11.Qxf3 Nc7 12.a4 b6 13.Nb5 Ra8 14.a5 Nxb5 15.Bxb5 a6 16.Bc6
Rb8 17.axb6 Rxb6 18.Ra2 e6 19.Bd2 Qb8 20.b3 exd5 21.exd5 Qa7 22.f5 Nd7 23.Bxd7
Qxd7 24.f6 Bh8 25.Re1 Re8 26.Rxe8+ Qxe8 27.Ra1 Qe5 28.Bc3 Qg5 29.Re1 Rb8
30.Kh2 h5 31.Re7 c4 32.bxc4 Qc1 33.Qe3 Qxe3 34.Rxe3 a5 35.c5 dxc5 36.d6 Rd8
37.Rd3 Rd7 38.h4 a4 39.Kg3 Kf8 40.Kf4 Ke8 41.Rd5 a3 42.Re5+ Kd8 43.Ba5+ Kc8
44.Re8+ Kb7 45.Rxh8 Rxd6 46.Bc3 a2 47.Re8 Rd1 48.Re7+ Kb6 49.Rxf7 a1=Q 50.Bxa1
Rxa1 51.Rg7 Rc1 52.f7 Kb5 53.Kg5 Rf1 54.Kxg6 Rf2 55.Rg8 Rxg2+ 56.Kxh5 {#r} 1-0

[Event "PRO League Group Stage"]
[Site "masterchessopen.com chess.com INT"]
[Date "2017.02.15"]
[Round "6"]
[White "Francisco,R"]
[Black "Cremisi,Daniel Josef"]
[Result "1-0"]
[WhiteElo "2273"]
[BlackElo "2148"]

1.d4 d5 2.c4 c6 3.Nf3 e6 4.g3 dxc4 5.Bg2 b5 6.Ne5 Bb7 7.a4 Qc7 8.Bf4 Bd6 9.Nc3
f6 10.Nf3 Bxf4 11.gxf4 b4 12.Ne4 Nd7 13.e3 c5 14.Qc2 cxd4 15.Nxd4 Kf7 16.Nb5
{#r} 1-0

[Event "PRO League Group Stage"]
[Site "masterchessopen.com chess.com INT"]
[Date "2017.02.15"]
[Round "6"]
[White "Francisco,R"]
[Black "Mu,Joshua"]
[Result "1-0"]
[WhiteElo "2273"]
[BlackElo "2203"]

1.e4 Nf6 2.e5 Nd5 3.d4 d6 4.Nf3 dxe5 5.Nxe5 c6 6.Be2 Nd7 7.Nf3 g6 8.O-O Bg7
9.Re1 O-O 10.c4 Nc7 11.Nc3 Nb6 12.h3 Be6 13.b3 c5 14.Be3 f5 15.Qd2 f4 16.Bxf4
cxd4 17.Bxc7 Qxc7 18.Nb5 Qd7 19.Nbxd4 Rad8 20.Rad1 Bxh3 21.gxh3 Qxh3 22.Qg5 e5
23.Bf1 Qc8 24.Nxe5 Qc5 25.Ndf3 Rde8 26.Qg3 Rf5 27.Nd3 Rxe1 28.Rxe1 Qf8 29.Bg2
Nd7 30.Nh4 Ra5 31.Bd5+ Kh8 32.Qh3 Rxa2 33.Nxg6# 1-0

[Event "PRO League Group Stage"]
[Site "masterchessopen.com chess.com INT"]
[Date "2017.02.15"]
[Round "6"]
[White "Li,Ruifeng"]
[Black "Zierk,S"]
[Result "1-0"]
[WhiteElo "2564"]
[BlackElo "2493"]

1.e4 c5 2.Nc3 Nc6 3.g3 g6 4.Bg2 Bg7 5.d3 e6 6.Be3 d6 7.Qd2 h5 8.h3 Nge7 9.Nge2
Nd4 10.O-O Rb8 11.Nd1 O-O 12.Nc1 b5 13.c3 Ndc6 14.Bh6 e5 15.Bxg7 Kxg7 16.Ne3
b4 17.Ne2 Be6 18.f4 bxc3 19.bxc3 f6 20.f5 gxf5 21.exf5 Bf7 22.g4 Qd7 23.g5 d5
24.gxf6+ Kxf6 25.Ng4+ {#r} 1-0

[Event "PRO League Group Stage"]
[Site "masterchessopen.com chess.com INT"]
[Date "2017.02.15"]
[Round "6"]
[White "Podvin,F"]
[Black "Ajibowo,Olamide Patrick"]
[Result "1-0"]
[WhiteElo "2145"]
[BlackElo "2107"]

1.g4 e5 2.Bg2 d5 3.c4 c6 4.cxd5 cxd5 5.Qb3 Ne7 6.h3 Nbc6 7.Nc3 Nd4 8.Qd1 Be6
9.e3 Ndc6 10.d4 e4 11.Nge2 Ng6 12.Nf4 Nh4 13.Kf1 g5 14.Nxe6 fxe6 15.Qb3 Rb8
16.Bxe4 dxe4 17.Qxe6+ Qe7 18.Qxe4 Qxe4 19.Nxe4 Be7 20.Ke2 O-O 21.Bd2 Rbe8
22.Bc3 Nf3 23.Rad1 Bd8 24.Nd6 Re7 25.Nf5 Rxf5 26.gxf5 Nh4 27.d5 Nb8 28.Bf6 Re8
29.Bxd8 Rxd8 30.Rhg1 h6 31.f4 Nxf5 32.fxg5 Re8 33.gxh6+ Kh7 34.Rdf1 Nxe3
35.Rf7+ Kxh6 36.Rxb7 Nxd5+ 37.Kd2 Nc6 38.Rd7 Ne5 39.Rd6+ Kh7 40.Kc1 Nf4 41.Rg5
Ned3+ 42.Kd2 Re2+ 43.Kc3 Re3 44.Kd4 Rxh3 45.Ra5 Ng6 46.Rxa7+ Kh6 47.Ra3 Nf4
48.Rxh3+ {#r} 1-0

[Event "PRO League Group Stage"]
[Site "masterchessopen.com chess.com INT"]
[Date "2017.02.15"]
[Round "6"]
[White "Podvin,F"]
[Black "Bomo,K"]
[Result "1-0"]
[WhiteElo "2145"]
[BlackElo "2339"]

1.e4 c5 2.Nf3 Nc6 3.Bb5 Qb6 4.Nc3 e6 5.O-O Nge7 6.Re1 a6 7.Bf1 g6 8.b3 Bg7
9.Bb2 O-O 10.e5 Qc7 11.Qe2 Nd4 12.Qe4 Nxf3+ 13.Qxf3 Nc6 14.Ne4 Bxe5 15.Nf6+
Kg7 16.Rxe5 Nxe5 17.Nh5+ Kh6 18.Qe3+ Kxh5 19.Bxe5 {#r} 1-0

[Event "PRO League Group Stage"]
[Site "masterchessopen.com chess.com INT"]
[Date "2017.02.15"]
[Round "6"]
[White "Grover,S"]
[Black "Haug,J"]
[Result "1-0"]
[WhiteElo "2467"]
[BlackElo "2311"]

1.d4 Nf6 2.c4 e6 3.Nc3 Bb4 4.f3 d5 5.a3 Bxc3+ 6.bxc3 O-O 7.cxd5 exd5 8.e3 b6
9.Bd3 Ba6 10.Ne2 c5 11.O-O Re8 12.Ng3 Bxd3 13.Qxd3 Nc6 14.Ra2 Rc8 15.Re2 Qd7
16.Bb2 Rcd8 17.Rd1 h5 18.e4 dxe4 19.fxe4 cxd4 20.cxd4 Qg4 21.h3 Qg5 22.Nf5 Ne5
23.Qb1 Ng6 24.Bc1 Nf4 25.Bxf4 Qxf4 26.Rf1 Qg5 27.Re3 h4 28.Qe1 Nh5 29.Nxh4 Nf4
30.Ref3 Ne2+ 31.Qxe2 Qxh4 32.Rf4 Qe7 33.e5 Qxa3 34.Qc4 Rf8 35.Rxf7 Qe3+ 36.Kh1
Rxf7 37.Qxf7+ Kh7 38.e6 Rxd4 39.e7 Rh4 40.Rf3 Qe1+ 41.Kh2 Qe5+ 42.Rg3 Re4
43.e8=Q {#r} 1-0

[Event "PRO League Group Stage"]
[Site "masterchessopen.com chess.com INT"]
[Date "2017.02.15"]
[Round "6"]
[White "Sai,KG"]
[Black "Makoto,R"]
[Result "1-0"]
[WhiteElo "2339"]
[BlackElo "2403"]

1.e4 e5 2.Nf3 Nc6 3.Bb5 a6 4.Ba4 Nf6 5.O-O b5 6.Bb3 Bc5 7.c3 d6 8.d4 Bb6 9.a4
Rb8 10.h3 O-O 11.axb5 axb5 12.d5 Ne7 13.Nbd2 Ng6 14.Re1 Nh5 15.Nf1 Nhf4 16.Ng3
Nh4 17.Nxh4 Qxh4 18.Qf3 Bxh3 19.gxh3 Nxh3+ 20.Kg2 Nxf2 21.Nf5 Qg4+ 22.Qxg4
Nxg4 23.Kf3 h5 24.Rh1 g6 25.Ng3 Kg7 26.Bd2 Bc5 27.Nxh5+ gxh5 28.Rxh5 f5
29.Rg5+ Kf7 30.Rxf5+ Nf6 31.Rh1 Rh8 32.Rxh8 Rxh8 33.Bg5 Kg6 34.Bxf6 Rh3+
35.Kg2 Re3 36.Bd8 Re2+ 37.Kg3 Re3+ 38.Rf3 Re2 39.Bxc7 Rxb2 40.Bd1 Rd2 41.Rf1
Rd3+ 42.Kh4 Rxc3 43.Bh5+ Kg7 44.Rf7+ Kg8 45.Rf3 Rc2 46.Bd8 b4 47.Kg5 Rg2+
48.Kh6 Bd4 49.Be7 {#r} 1-0

[Event "PRO League Group Stage"]
[Site "masterchessopen.com chess.com INT"]
[Date "2017.02.15"]
[Round "6"]
[White "Pozo Vera,S"]
[Black "Kleinman,Michael"]
[Result "0-1"]
[WhiteElo "2428"]
[BlackElo "2289"]

1.d4 Nf6 2.c4 g6 3.Nf3 Bg7 4.g3 c6 5.Bg2 d5 6.Nbd2 O-O 7.O-O a5 8.b3 Bf5 9.Bb2
Ne4 10.Nh4 Nxd2 11.Qxd2 Be6 12.Rfc1 a4 13.cxd5 cxd5 14.Ba3 Nc6 15.e3 Qa5 16.b4
Qb6 17.Rc5 Rfd8 18.Rac1 Bf6 19.Nf3 Bf5 20.Ne1 e6 21.Bf1 Be7 22.Rb5 Qa7 23.Nd3
Bxd3 24.Bxd3 Rac8 25.h4 b6 26.h5 Qb7 27.hxg6 hxg6 28.Kg2 Na7 29.Rh1 Kg7 30.Bb2
Rh8 31.Rxh8 Rxh8 32.Qe2 f5 33.a3 Qc6 34.Qf1 Bd6 35.Qe2 g5 36.Rc5 bxc5 37.dxc5+
d4+ 38.f3 Be5 39.exd4 Bf6 40.Bc4 g4 41.d5 gxf3+ 42.Qxf3 exd5 43.Bxd5 Qa6
44.Qxf5 Qe2+ 45.Kg1 Qe1+ 46.Kg2 Qe2+ 47.Kg1 Qd1+ 48.Kg2 Qh1+ 49.Kf2 Rh2+
50.Ke3 Qe1+ 51.Kf4 Rf2+ 52.Bf3 Rxf3+ 53.Kxf3 Qf1+ 54.Kg4 Qxf5+ 55.Kxf5 Bxb2
56.c6 Nxc6 57.b5 Na5 58.Ke6 Bxa3 59.Kd5 Bb4 {#R} 0-1